Ty nejlepší věci

Korporativní autor: Wanastowi Vjecy (hudební skupina)
Jazyk: Čeština
Vydáno: Praha : B&M Music, p2001
Témata:
Fyzický popis: 1 zvuková deska (73:51) : digital ; 12 cm + 1 brožura (36 s.)
Zvukové nahrávky
Uloženo v:
LEADER 01395njm a2200325 a 4500
001 000590807
003 CZ BrMZK
005 20020408115052.0
008 020319s2001 xr f cze d
028 0 1 |a 014 406-2  |b B&M Music 
040 |a BOA001  |b cze 
080 |a 785.16  |2 MRF 
080 |a (086.7)  |2 MRF 
110 2 |a Wanastowi Vjecy (hudební skupina)  |7 kn20010711064  |4 prf 
245 1 0 |a Ty nejlepší věci  |h [zvukový záznam] 
260 |a Praha :  |b B&M Music,  |c p2001 
300 |a 1 zvuková deska (73:51) :  |b digital ;  |c 12 cm +  |e 1 brožura (36 s.) 
306 |a 011351 
500 |a Texty písní v brožuře 
500 |a Nahráno ve studiích Sono, Ebony a ve studiu C; kompilace 2001 
500 |a Vydáno také na kazetě s objednacím číslem 014 406-4 
500 |a Kompaktní deska 
505 0 0 |t Tak mi to teda nandey --  |t Kapky krve --  |t Sbírka zvadlejch růží --  |t Lži, sex a prachy --  |t Noční labuť --  |t Nahá --  |t Blbá --  |t Andělé --  |t Kočárek --  |t Vlkodlak --  |t V princeznách --  |t Kouzlo --  |t Otevři oči --  |t Jediná --  |t Neděkujem - vypadněte --  |t Buď na mě hodná --  |t Bedna od whisky 
511 0 |a Wanastowi Vjecy 
650 0 7 |a rockové písně  |7 ph224439  |2 czenas 
655 4 |a populární hudba 
655 4 |a rock 
910 |a BOA001  |b CD-0010.198 
990 |a AV 
996 6 |b 261H011082  |c CD-0010.198  |l MZK  |r Sklad / do 24 hodin  |n 1  |w 000590807  |u 000010  |a 1  |e BOA001  |j MZK50  |s P